Central Library OPAC University of Rajshahi

Auditing : (Record no. 15060)

MARC details
000 -LEADER
fixed length control field 00830cam a2200265u 4500
001 - CONTROL NUMBER
control field 15060
003 - CONTROL NUMBER IDENTIFIER
rucl marc code BD-RjUL
005 - DATE AND TIME OF LATEST TRANSACTION
control field 20211208235737.0
008 - FIXED-LENGTH DATA ELEMENTS--GENERAL INFORMATION
fixed length control field 140209s1948 nyu 001 0 eng
035 ## - SYSTEM CONTROL NUMBER
System control number (BD-RjUL)15114
040 ## - CATALOGING SOURCE
Original cataloging agency DLC
Transcribing agency CarP
Modifying agency DLC
-- BD-RjUL
Language of cataloging eng
041 ## - LANGUAGE CODE
Language code of text/sound track or separate title eng
082 04 - DEWEY DECIMAL CLASSIFICATION NUMBER
Edition number 20
Classification number 657.6
Author mark and year BYA 1948
100 1# - MAIN ENTRY--PERSONAL NAME
Personal name Byrnes, Thomas William,
Dates associated with a name 1880-
9 (RLIN) 46890
245 10 - TITLE STATEMENT
Title Auditing :
Remainder of title With practice problems /
Statement of responsibility, etc. Thomas William Byrnes, K. Lanneau Baker and C. Aubrey Smith.
260 ## - PUBLICATION, DISTRIBUTION, ETC. (IMPRINT)
Place of publication, distribution, etc. New York :
Name of publisher, distributor, etc. Ronald Press Co.,
Date of publication, distribution, etc. 1948.
300 ## - PHYSICAL DESCRIPTION
Pagination x, 738 p. ;
Size 24 cm.
504 ## - BIBLIOGRAPHY, ETC. NOTE
Bibliography, etc Includes index.
650 #0 - SUBJECT ADDED ENTRY--TOPICAL TERM
Topical term or geographic name as entry element Auditing.
9 (RLIN) 23295
700 1# - ADDED ENTRY--PERSONAL NAME
Personal name Baker, Keith Lanneau,
Dates associated with a name 1882-
Personal name Smith, C. Aubrey
Fuller form of name (Charles Aubrey),
Dates associated with a name 1901-
942 ## - ADDED ENTRY ELEMENTS (KOHA)
Source of classification or shelving scheme Dewey Decimal Classification
Koha item type Books
Holdings
Lost status Source of classification or shelving scheme Damaged status Not for loan Collection code Permanent Location Current Location Shelving location Date acquired Source of acquisition Cost, normal purchase price Total Checkouts Full call number Date last seen Copy number Koha item type
  Dewey Decimal Classification     Non-fiction Central Library, University of Rajshahi Central Library, University of Rajshahi   19/03/1963 Zeitlinger 56.00   657.6 BYA 1948 09/02/2014 C-4 Books
  Dewey Decimal Classification   Not For Loan Non-fiction Central Library, University of Rajshahi Central Library, University of Rajshahi Reading Room 19/03/1963 zeitlinger 56.00   657.6 BYA 1948 09/04/2019 C-1 Books
  Dewey Decimal Classification     Non-fiction Central Library, University of Rajshahi Central Library, University of Rajshahi   19/03/1963 zeitlinger 56.00   657.6 BYA 1948 09/04/2019 C-2 Books
  Dewey Decimal Classification     Non-fiction Central Library, University of Rajshahi Central Library, University of Rajshahi   19/03/1963 zeitlinger 56.00   657.6 BYA 1948 10/04/2019 C-3 Books